000 01087nam a22003257a 4500
003 CHAP
005 20220817042106.0
008 971013s1974 r 00010 d
010 _a34269
011 _a35241
035 _a39357
040 _cCHAP
090 _aFolleto 5448
100 0 0 _aLuna Lorente, Francisco.
_969078
245 _aFunción económica y social del monte
260 _aMadrid :
_bMinisterio de Agricultura,
_c1974
300 _a28 p.
_b: ilus.
490 _aMinisterio de Agricultura. Hojas divulgadoras
_v; 11-12/74
590 _aBATCH-UPD
_b10
_c20130110
_lUCH01
_h0051
590 _aBATCH-UPD
_b10
_c20130110
_lUCH01
_h1743
590 _aBATCH-UPD
_b10
_c20130410
_lUCH01
_h1122
590 _aBATCH-UPD
_b10
_c20130914
_lUCH01
_h0711
590 _aCONVERSION
_b10
_c20130109
_lUCH01
_h1319
650 1 4 _aBosques
_xUtilización.
_914405
710 0 _aEspaña. Ministerio de Agricultura.
_937710
830 0 _aMinisterio de Agricultura. Hojas divulgadoras
_v; 11-12/74
901 _aBK
942 _cFOLL
949 _aFolleto 5448
_bBC
_cFOLL
_d-89748
_eTS1
_i39357
_mD
_si
999 _c34269
_d34269